000 00196 a2200085 4500
001 60581
090 _c37019
_d37019
245 _aThe Personality of Allah's Last Messenger Muhammad( PBUH)
260 _aKarachi
942 _aNUST-CAE
999 _c295654
_d295654